Design Bulletin 31 Housing for the elderly: the size of grouped schemes (Record no. 85551)

MARC details
000 -LEADER
fixed length control field 00520cam a2200193 4500
001 - CONTROL NUMBER
control field D4416
008 - FIXED-LENGTH DATA ELEMENTS--GENERAL INFORMATION
fixed length control field 090401t1975 xxu||||| |||| 00| 0 eng d
035 ## - SYSTEM CONTROL NUMBER
System control number (Sirsi) u406
041 ## - LANGUAGE CODE
Language code of text/sound track or separate title eng
050 ## - LIBRARY OF CONGRESS CALL NUMBER
Classification number 306.72
110 ## - MAIN ENTRY--CORPORATE NAME
Corporate name or jurisdiction name as entry element United Kingdom
Subordinate unit Department of the Environment
9 (RLIN) 982
245 ## - TITLE STATEMENT
Title Design Bulletin 31 Housing for the elderly: the size of grouped schemes
260 ## - PUBLICATION, DISTRIBUTION, ETC.
Place of publication, distribution, etc. London
Name of publisher, distributor, etc. HMSO
Date of publication, distribution, etc. 1975
300 ## - PHYSICAL DESCRIPTION
Extent 36p. ill. 30cm
350 ## - PRICE (NR) (BK AM CF MU VM SE) [OBSOLETE]
Price 0.7
490 ## - SERIES STATEMENT
Series statement Design Bulletin
Volume/sequential designation 31
942 ## - ADDED ENTRY ELEMENTS (KOHA)
Suppress in OPAC 0
948 ## - LOCAL PROCESSING INFORMATION (OCLC); SERIES PART DESIGNATOR (RLIN)
c (OCLC) 04/03/1997
Holdings
Withdrawn status Lost status Source of classification or shelving scheme Damaged status Not for loan Home library Current library Shelving location Date acquired Cost, normal purchase price Total Checkouts Full call number Barcode Date last seen Copy number Cost, replacement price Price effective from Koha item type
    Other/Generic Classification Scheme     London London Boxed set 14/09/1999 0.70   BOXED SET 023431 06/08/2019 1 0.70 06/08/2019 Book
    Other/Generic Classification Scheme     London London Boxed set 14/09/1999 0.70   BOXED SET 024578 06/08/2019 2 0.70 06/08/2019 Book